Statistics for Houston Rockets Best Team By Decade

Click here to take the quiz!

General Stats

  • This quiz has been taken 58 times
  • The average score is 14 of 31

Answer Stats

SeasonPlayer% Correct
1985-86, 1993-94Hakeem Olajuwon
100%
2017-18, 2019-20James Harden
100%
2008-09Yao Ming
92%
2017-18Chris Paul
90%
2017-18, 2019-20Clint Capela
82%
2019-20Russell Westbrook
80%
1993-94Kenny Smith
76%
1976-77Moses Malone
69%
1985-86Ralph Sampson
67%
2017-18Trevor Ariza
61%
1993-94Robert Horry
57%
1993-94Otis Thorpe
55%
2019-20P.J. Tucker
53%
1976-77Rudy Tomjanovich
47%
1976-77Calvin Murphy
45%
1968-69Elvin Hayes
45%
1993-94Vernon Maxwell
45%
1968-69Art Williams
39%
2017-18Ryan Anderson
37%
2008-09Luis Scola
33%
2008-09Shane Battier
31%
2019-20Danuel House
20%
1976-77, 1985-86John Lucas
16%
2008-09Rafer Alston
14%
1976-77Mike Newlin
12%
2008-09Ron Artest
12%
1985-86Rodney McCray
10%
1968-69Don Kojis
8%
1968-69John Block
8%
1985-86Lewis Lloyd
8%
1968-69Jim Barnett
2%

Score Distribution

Percentile by Number Answered

Percent of People with Each Score

Your Score History

You have not taken this quiz